Statistics for Season 7 of "The 100" Quiz

Click here to take the quiz!

General Stats

  • This quiz has been taken 15 times
  • The average score is 9 of 15

Answer Stats

QuestionAnswer% Correct
What is the name of the planet of the Disciples?Bardo
92%
Why do Murphy and Emori move into the castle of Sanctum?because they pretend to be primes
92%
True or false: Bellamy transcended with the rest of humanity.False
92%
What planet do Clarke, Niylah, Raven and Miller land on after passing through the anomaly?Nakara
83%
Which planet did Bellamy jump to using the Anomaly Stone after the explosion?Etherea
75%
Who is the only person that did NOT pass the last test of the Disciple training?Hope
75%
How was Bellamy believed to have been killed earlier in the season?explosion
67%
Clarke is the only one not to transcend because...she committed murder during the test
67%
What were Diyoza's last words?"Be better than me"
58%
Who was the first ever Flamekeeper?Calliope Cadogan
50%
Which of these is NOT a demand of Sheidheda in exchange for helping Indra in Sanctum?more food and water
50%
How many people in total died while trying to fix the reactor in Sanctum?6
33%
How did the disciples know Octavia and Diyoza were on Skyring?message in a bottle
33%
What is the reason why Becca Franco was burned alive by Bill Cadogan?knew the secret code
17%
Which of these is NOT one of the four pillars of Sanctum?restore
17%

Score Distribution

Percentile by Number Answered

Percent of People with Each Score

Your Score History

You have not taken this quiz